000 00497nam a2200181Ia 4500
005 20250326143726.0
008 250326s9999 xx 000 0 und d
037 _aTextbook
040 _aFMSL
_beng
_cFMSL
041 _aeng
_2eng
084 _aX:87obT P1
_qFMSL
100 _aZuckerman A
_9742087
245 0 _aTech trending
_cZuckerman A
260 _aUnited Kingdom
_bUnited Kingdom, Capstone
_c2001
300 _a400p
942 _cTB
_hX:87obT P1
999 _c1300755
_d1300755